Southville International School and Colleges
Your cart is empty.
  • Cart
  • Lists
    Public lists Eva Luna New books Lux_list list_1
    Your lists Log in to create your own lists
  • Log in to your account
  • Your cookies
  • Search history
Southville International School and Colleges
  • Advanced search
  • Recent comments
  • Most popular
  • Libraries

Log in to your account

Log in with GOOGLE


If you do not have an external account, but do have a local account, you can still log in:

  1. Home
  2. MARC view: Harvard business review on green business strategy./
Normal view MARC view ISBD view

Harvard business review on green business strategy./ (Record no. 23553)

[ view plain ]
MARC details
000 -LEADER
fixed length control field 00653nam a2200205 a 4500
005 - DATE AND TIME OF LATEST TRANSACTION
control field 20140310183454.0
008 - FIXED-LENGTH DATA ELEMENTS--GENERAL INFORMATION
fixed length control field 090803s19uu xx 00 eng d
020 ## - INTERNATIONAL STANDARD BOOK NUMBER
International Standard Book Number 978-1422121-085
050 ## - LIBRARY OF CONGRESS CALL NUMBER
Classification number HD 30.255
Item number .H37 2007
100 ## - MAIN ENTRY--PERSONAL NAME
Personal name Harvard Business
245 ## - TITLE STATEMENT
Title Harvard business review on green business strategy./
260 ## - PUBLICATION, DISTRIBUTION, ETC. (IMPRINT)
Place of publication, distribution, etc Boston :
Name of publisher, distributor, etc Harvard Business School Press,
Date of publication, distribution, etc 2007.
300 ## - PHYSICAL DESCRIPTION
Extent 213 p. :
Dimensions 21 cm.
521 ## - TARGET AUDIENCE NOTE
Target audience note
650 ## - SUBJECT ADDED ENTRY--TOPICAL TERM
Topical term or geographic name as entry element Industrial management
General subdivision Environmental aspects.
650 ## - SUBJECT ADDED ENTRY--TOPICAL TERM
Topical term or geographic name as entry element Business enterprises
General subdivision Environmental aspects.
650 ## - SUBJECT ADDED ENTRY--TOPICAL TERM
Topical term or geographic name as entry element Social responsibility of business.
942 ## - ADDED ENTRY ELEMENTS (KOHA)
Koha item type Books
Source of classification or shelving scheme Library of Congress Classification
Call number prefix Foreign
Holdings
Withdrawn status Lost status Source of classification or shelving scheme Damaged status Home library Current library Shelving location Date acquired Total Checkouts Total Renewals Full call number Barcode Date last seen Date checked out Copy number Price effective from Koha item type
    Library of Congress Classification   College Library College Library General Circulation Section 08/03/2009 1 18 HD 30.255 .H37 2007 C10500 05/15/2018 02/07/2017 1 03/10/2014 Books

Harvard business review on green business strategy./

APA

Harvard Business, . (2007). Harvard business review on green business strategy. Boston: Harvard Business School Press.

Chicago

Harvard Business, . 2007. Harvard business review on green business strategy. Boston: Harvard Business School Press.

Harvard

Harvard Business, . (2007). Harvard business review on green business strategy. Boston: Harvard Business School Press.

MLA

Harvard Business, . Harvard business review on green business strategy. Boston: Harvard Business School Press. 2007.

  • Place hold
  • Print
  • Cite
  • Add to your cart (remove)
  • Save record
    BIBTEX Dublin Core MARCXML MARC (non-Unicode/MARC-8) MARC (Unicode/UTF-8) MARC (Unicode/UTF-8, Standard) MODS (XML) RIS
  • More searches
    Search for this title in:
    Other Libraries (WorldCat) Other Databases (Google Scholar) Online Stores (Bookfinder.com) Open Library (openlibrary.org)

Exporting to Dublin Core...

SOUTHVILLE LIBRARY

Southville International School and Colleges Library

1281 Tropical Ave. Cor. Luxembourg St., BF Homes International, Las Pinas City

Tel. No. 8256374 / 252358 Loc. 117/146

Powered by Koha